=LDR 00000nam 2200000 4500 =001 INLIS000000000028306 =005 20130612130624 =008 ***********************************ind** =035 ##$$0010-061300000028306 =041 ##$$a ind =082 ##$$a 658.3 =090 ##$$a 658.3, SCH p =100 ##$$a Schroeff, H.J. Van Der =245 ##$$a Pemimpin dan management perusahaan, HJ. van der Schroeff, J.L. Meij =260 ##$$a 1978 $b Bandung =300 ##$$a 289 hlm., 23 cm =650 ##$$a Manajemen Perusahaan =850 ##$$a NBPNMAT